| 000 | 006060000a22001690004500 | ||
|---|---|---|---|
| 090 |
_aAR _b01688 |
||
| 245 | 1 | 0 | _aGuanentá- Alto Río Fonce Fauna and Flora Sanctuary: a new protected area in the Colombian east Andes |
| 650 | 1 | 4 |
_aAreas protegidas _978 |
| 650 | 1 | 4 |
_aFauna _992594 |
| 650 | 1 | 4 |
_aFlora _992293 |
| 651 | 4 |
_lSantuario de Fauna y Flora Guanetá - Alto río Fonce _pColombia _992749 |
|
| 041 | 0 | _aInglés | |
| 700 | 1 |
_aRepizzo, Augusto _94235 |
|
| 100 | 1 |
_aAndrade Pérez, Germán Ignacio _9869 |
|
| 942 | _cARTICULO | ||
| 773 | 1 |
_tCotinga: Journal of the Neotropical Bird Club _391 _h2 _q42-44 _d1990? |
|
| 999 |
_c10768 _d10768 |
||